The noble scholar, jurist, historian


 His Excellency Dr. Abdul Wahhab bin Ibrahim Abu Sulaiman, may Allah have mercy on him.


 He was born in Umm Al-Qura in the year 1356 AH.

التجهيزات الآلية لمكتبات التعليم العالي في المملكة العربية السعودية : (Record no. 6986)

MARC details
000 -LEADER
fixed length control field 02756cam a2200385 i 4500
003 - CONTROL NUMBER IDENTIFIER
control field SA-RiAUC
005 - DATE AND TIME OF LATEST TRANSACTION
control field 20250414065108.0
008 - FIXED-LENGTH DATA ELEMENTS--GENERAL INFORMATION
fixed length control field 250316s2001 su ak g b 00000 ara c
020 ## - INTERNATIONAL STANDARD BOOK NUMBER
International Standard Book Number 996000161X
020 ## - INTERNATIONAL STANDARD BOOK NUMBER
International Standard Book Number 9960001601
020 ## - INTERNATIONAL STANDARD BOOK NUMBER
International Standard Book Number 99600016x
024 0# - OTHER STANDARD IDENTIFIER
Standard number or code 00000000960790
040 ## - CATALOGING SOURCE
Original cataloging agency SA-RiKSU
Language of cataloging ara
Transcribing agency SA-RiAUC
Modifying agency AE-DuMBRL
Description conventions rda
043 ## - GEOGRAPHIC AREA CODE
Geographic area code a-su---
050 #4 - LIBRARY OF CONGRESS CALL NUMBER
Item number .Q23 2001
082 04 - DEWEY DECIMAL CLASSIFICATION NUMBER
Classification number 027.70285
090 ## - LOCALLY ASSIGNED LC-TYPE CALL NUMBER (OCLC); LOCAL CALL NUMBER (RLIN)
Classification number (OCLC) (R) ; Classification number, CALL (RLIN) (NR) 027.70285
Local cutter number (OCLC) ; Book number/undivided call number, CALL (RLIN) ق ب ل
100 1# - MAIN ENTRY--PERSONAL NAME
Personal name القبلان، نجاح قبلان حمد
Relator term مؤلف.
245 12 - TITLE STATEMENT
Title التجهيزات الآلية لمكتبات التعليم العالي في المملكة العربية السعودية :
Remainder of title دراسة لواقع التطبيقات الحاسوبية /
Statement of responsibility, etc. نجاح بنت قبلان القبلان.
250 ## - EDITION STATEMENT
Edition statement الطبعة الأولى.
264 #1 - PRODUCTION, PUBLICATION, DISTRIBUTION, MANUFACTURE, AND COPYRIGHT NOTICE
Place of production, publication, distribution, manufacture الرياض :
Name of producer, publisher, distributor, manufacturer مكتبة الملك فهد الوطنية،
Date of production, publication, distribution, manufacture, or copyright notice 2001.
300 ## - PHYSICAL DESCRIPTION
Extent 372 صفحة :
Other physical details أشكال بيانية، جداول ؛
Dimensions 24 × 17 سم.
336 ## - CONTENT TYPE
Content type term نص
Content type code txt
Source rdacontent
Materials specified كتاب
337 ## - MEDIA TYPE
Media type term بدون وسيط
Media type code n
Source rdamedia
338 ## - CARRIER TYPE
Carrier type term مجلد
Carrier type code nc
Source rdacarrier
490 0# - SERIES STATEMENT
Series statement مطبوعات مكتبة الملك فهد الوطنية.
-- السلسة الأولى ؛
Volume/sequential designation 32
504 ## - BIBLIOGRAPHY, ETC. NOTE
Bibliography, etc. note يشتمل على إرجاعات ببليوجرافية.
520 ## - SUMMARY, ETC.
Summary, etc. يتناول الكتاب موضوع التجهيزات الآلية في المكتبات من حيث واقع التطبيقات الحاسوبية في مكتبات مؤسسات التعليم العالي في المملكة العربية السعودية. من أبرز أهداف الدراسة التعرف إلى الدوافع والمبررات التي أدت إلى تحسيب المكتبات، ورصد مراحل التحسيب ومجالاته، وتقصي المشكلات المصاحبة له، وطبقت الباحثة المنهج الوصفي "المسحي" من خلال استبانة صممت لهذا الغرض، وعززتها بزيارات ميدانية ومقابلات شخصية واتصلات هاتفية ثم حللت الاستبانة بأسلوب التوزيع التكراري.
520 0# - SUMMARY, ETC.
Summary, etc. يتناول الكتاب التجهيزات الآلية في المكتبات من حيث واقع التطبيقات الحاسوبية في مكتبات مؤسسات التعليم العالي في المملكة العربية السعودية.
650 #7 - SUBJECT ADDED ENTRY--TOPICAL TERM
Topical term or geographic name entry element المكتبات الجامعية
Geographic subdivision السعودية
General subdivision أتمتة
Source of heading or term aucsh
650 #7 - SUBJECT ADDED ENTRY--TOPICAL TERM
Topical term or geographic name entry element المكتبات
General subdivision أتمتة
Source of heading or term aucsh
942 ## - ADDED ENTRY ELEMENTS (KOHA)
Source of classification or shelving scheme Dewey Decimal Classification
Koha item type Books
Suppress in OPAC No
949 ## - LOCAL PROCESSING INFORMATION (OCLC)
a SA-JeALM
d 250316
u mohamedma123
n 1
Holdings
Withdrawn status Lost status Source of classification or shelving scheme Damaged status Not for loan Home library Current library Date acquired Total checkouts Full call number Barcode Date last seen Price effective from Koha item type
    Dewey Decimal Classification     DR AbdElwahab Library DR AbdElwahab Library 04/14/2025   027.70285 ق ب ل 000011676 04/14/2025 04/14/2025 Books